000 00965nam a2200277 c 4500
999 _c98863
_d98863
003 BLK
005 20220225153423.0
008 180409b bul|||||r ||||||| ||bul||
010 _aKNG00103851000
020 _a954-9548-44-9
040 _aBLK
041 _aBUL
_cBUL
080 _aБългарска литература
_b821.163.2
_x-1
_z821.163.2-1
100 1 _aНиколова, Добрина
_eпърви автор
_9255326
139 _aНиколова, Добрина
_bН 75
245 1 0 _aТринайстият етаж на риска
_bЛирика
_cДобрина Николова.
257 _aBGR
260 _bАвангард принт
_c2002
_fРусе : Авангард принт
300 _a48 с.
_c20 см
380 _aX
852 _aЦб 212969
852 _aК 821.163.2/Н 75 Д
856 4 _qpdf
856 4 _qpdf
942 _cKNG
_n0
_s1
944 _aCR
_c01.01.2002
_kГеновева_Генчева
944 _aED
_c31.05.2004
999 _d98863